The queen of clean's complete cleaning guide (Record no. 259008)
[ view plain ]
| 000 -LEADER | |
|---|---|
| fixed length control field | 00813nam a2200253 4500 |
| 003 - CONTROL NUMBER IDENTIFIER | |
| control field | . |
| 005 - DATE AND TIME OF LATEST TRANSACTION | |
| control field | 20200320180110.0 |
| 008 - FIXED-LENGTH DATA ELEMENTS--GENERAL INFORMATION | |
| fixed length control field | 020918 |
| 020 ## - INTERNATIONAL STANDARD BOOK NUMBER | |
| International Standard Book Number | 1579546609 |
| Terms of availability | 37.00 |
| 035 ## - SYSTEM CONTROL NUMBER | |
| System control number | ()33693 |
| 040 ## - CATALOGING SOURCE | |
| Original cataloging agency | WCL |
| 049 00 - LOCAL HOLDINGS (OCLC) | |
| Holding library | WCL |
| 099 ## - LOCAL FREE-TEXT CALL NUMBER (OCLC) | |
| Classification number | 648.5 Cob |
| 100 1# - MAIN ENTRY--PERSONAL NAME | |
| Personal name | Cobb, Linda |
| 9 (RLIN) | 66871 |
| 245 14 - TITLE STATEMENT | |
| Title | The queen of clean's complete cleaning guide |
| Remainder of title | : banish dirt from your castle forever with 2,047 queen-tested tips |
| Statement of responsibility, etc | / Linda Cobb |
| 260 ## - PUBLICATION, DISTRIBUTION, ETC. (IMPRINT) | |
| Name of publisher, distributor, etc | Rodale Press |
| Date of publication, distribution, etc | 2002 |
| 300 ## - PHYSICAL DESCRIPTION | |
| Extent | 392 p. |
| 500 ## - GENERAL NOTE | |
| General note | includes index |
| 650 #0 - SUBJECT ADDED ENTRY--TOPICAL TERM | |
| Topical term or geographic name as entry element | House cleaning |
| 9 (RLIN) | 85525 |
| 752 ## - ADDED ENTRY--HIERARCHICAL PLACE NAME | |
| Country or larger entity | us |
| 942 ## - ADDED ENTRY ELEMENTS (KOHA) | |
| Koha item type | BOOK |
| 948 ## - LOCAL PROCESSING INFORMATION (OCLC); SERIES PART DESIGNATOR (RLIN) | |
| Series part designator, SPT (RLIN) | 05/11/2004 |
| b (OCLC) | 12/14/2011 |
| z (OCLC) | Sirsi |
| 996 ## - | |
| -- | 33693 |
| -- | 34301000368912 |
| -- | NF |
| -- | BK |
| -- | WCL |
| -- | i |
| -- | 26 |
| -- | 37.00 |
| -- | Rodale Books |
| -- | 648.5 Cob |
| -- | 09/18/2002 |
| -- | 04/04/2019 |
| -- | 04/03/2019 |
| Withdrawn status | Lost status | Source of classification or shelving scheme | Damaged status | Not for loan | Collection code | Home library | Current library | Shelving location | Date acquired | Cost, normal purchase price | Total Checkouts | Full call number | Barcode | Date last seen | Date checked out | Cost, replacement price | Price effective from | Koha item type |
|---|---|---|---|---|---|---|---|---|---|---|---|---|---|---|---|---|---|---|
| Dewey Decimal Classification | General NonFiction | Wasatch County Library | Wasatch County Library | Second Floor | 09/18/2002 | 37.00 | 27 | 648.5 Cob | 34301000368912 | 05/29/2024 | 05/17/2021 | 37.00 | 03/20/2020 | BOOK |
